00385nam a2200157 a 450000100060000000300090000600800410001504000280005608200160008410000240010024500170012426000320014130000090017349000230018265000220020519082CO-ViMGA141112s2004 ck r 000 u spa d aCO-ViMGAbspacCO-ViMGA04a843.8 M186b1 aMaupassant, Guy de 10aBola de Sebo aMedellín : bCometa; 1997 a71p.0 aColección letras14aCUENTOS FRANCESES